00942cam a22002535a 4500001001000000003000400010005001700014008004100031020002500072020002500097040004000122082001700162100002500179245010600204260004900310300002700359500002400386504003100410650003600441653003400477942000800511999001700519952015200536016588561OSt20151017134431.0131129t2014 enk frb f001 0 eng d a9780198712978 (pbk.) z9780192657674 (hbk.) aStDuBDSbengcStDuBDSdUkdEG-ScBUE04a341222bVEN1 aVenzke, Ingo,93850410aHow interpretation makes international law :bon semantic change and normative twists /cIngo Venzke. aOxford :bOxford university press, cc.2014. axxiv, 319 p. ;c24 cm. aIndex : p. 313-319. aBibliography : p. 266-311. 7aInternational law.2BUEsh99620 bBUSBOLcJune2015cOctober2015 2ddc c19965d19937 00102ddc40708AlahramaMAINbMAINc1STd2015-06-28ePurchaseg312.00h319l1m5o341 VENp000039170r2025-07-15 00:00:00s2017-03-08v390.00yBB